Los Planes de acción para la energía sostenible en la provincia de Barcelona : avance provisional de resultados : Septiembre de 2009 avance provisional de resultados :
Descripción Física:
[7] p. : i. col. ; 21 cm
MARC
| LEADER | 00000nam a2200000Ia 4500 | ||
|---|---|---|---|
| 001 | 22148 | ||
| 008 | 160829s2009 xx 000 0 cat d | ||
| 080 | |a FU-49-70 | ||
| 245 | |a Los Planes de acción para la energía sostenible en la provincia de Barcelona : |b avance provisional de resultados : |b Septiembre de 2009 | ||
| 260 | |a Barcelona : |b Diputació de Barcelona. Àrea de Medi Ambient, |c 2009 | ||
| 300 | |a [7] p. : |b i. col. ; |c 21 cm | ||
| 590 | |a Hi ha un exemplar en anglès amb R. 22149 | ||
| 650 | |a Medi Ambient |x Barcelona (Província) |9 41299 | ||
| 650 | 0 | |a Aire |x Contaminació |z Barcelona (Província) |9 26812 | |
| 651 | 0 | |a Barcelona (Catalunya : Província) |x Política ambiental |9 54004 | |
| 710 | |a Barcelona (Catalunya : Província). |b Àrea de Medi Ambient |9 52987 | ||
| 901 | |a Arxiu | ||
| 942 | |n 1 | ||
| 952 | |0 0 |1 0 |4 0 |6 FU4970 |7 1 |9 49061 |a Arxiu |b Arxiu |d 2016-12-01 |l 0 |o FU-49-70 |p 22148 |r 2016-12-01 00:00:00 |w 2016-12-01 |y ARXIU | ||
| 999 | |c 52898 |d 52898 | ||